[Event "Êîìàíäíîå ïåð-âî ÐÔ 2012 ã. ïî êëàññè÷åñêèì øàõìàòàì "]
[Site "Ðûáèíñê"]
[Date "2012.08.04"]
[Round "3.132"]
[White "Êðàñîâñêèé Ñâÿòîñëàâ "]
[Black "Íàâðîäñêèé Áîðèñ "]
[Result "1-0"]
[WhiteElo "1995"]
[BlackElo "1953"]
[Annotator ""]
[Source ""]
[Remark ""]

1.c4 e6 2.Nc3 d5 3.cxd5 exd5 4.d4 c6 5.Nf3 Nf6 6.Bg5 Be7 7.e3
Bf5 8.Bd3 Bxd3 9.Qxd3 O-O 10.Bxf6 Bxf6 11.O-O Nd7 12.b4 a6 13.a4
Nb6 14.Nd2 Be7 15.b5 cxb5 16.axb5 a5 17.f3 Qd7 18.Nb3 Bb4 19.Nc5
Qe7 20.N3a4 Nxa4 21.Nxa4 Qd6 22.Rfc1 Rac8 23.Rc2 Rxc2 24.Qxc2
Qe6 25.Qd3 Rc8 26.g4 Qf6 27.Qf5 Qxf5 28.gxf5 Bd2 29.Ra3 Rc1+
30.Kf2 Rc2 31.Kg3 Be1+ 32.Kh3 Bb4 33.Rb3 Bd6 34.f4 Bb4 35.Kg3
h5 36.Rb1 Bd2 37.Kf3 Rc1 38.Rxc1 Bxc1 39.Nb6 h4 40.h3 Kf8 41.Nxd5
a4 42.Nc3 a3 43.Na2 Bd2 44.Ke2 Ba5 45.e4 Ke7 46.Nc1 Bc3 47.Kd3
Be1 48.Kc2 Bf2 49.Kb3 Bxd4 50.Kxa3 Be3 51.Nd3 Kd6 52.Kb4 f6 53.Kc4
b6 54.e5+ Kd7 55.Kd5 Bd2 56.Ke4 Bc3 57.Nf2 Bb4 58.Ng4 Ke7 59.Ne3
Bc5 60.Nd5+ Kd7 61.Ne3 Bb4 62.Ng2 fxe5 63.fxe5 Be7 64.Kd5 Bg5
65.Ne1 Be7 66.Nd3 Bg5 67.Ke4 Bd2 68.Kf3 g5 69.fxg6 Ke6 70.Ke4
Bh6 71.Nf4+ 1-0

[Event "Êîìàíäíîå ïåð-âî ÐÔ 2012 ã. ïî êëàññè÷åñêèì øàõìàòàì "]
[Site "Ðûáèíñê"]
[Date "2012.08.04"]
[Round "3.133"]
[White "Ïàê Ìàòâåé "]
[Black "Óôèìöåâ Åãîð "]
[Result "1/2-1/2"]
[WhiteElo "1800"]
[BlackElo "1911"]
[Annotator ""]
[Source ""]
[Remark ""]

1.e4 c5 2.Nf3 e6 3.d4 cxd4 4.Nxd4 a6 5.Nc3 Qc7 6.Qf3 Nf6 7.Qg3
Qxg3 8.hxg3 Bb4 9.Bd3 d5 10.e5 Nfd7 11.f4 Nc5 12.a3 Ba5 13.b4
Nxd3+ 14.cxd3 Bd8 15.Ke2 Bd7 16.Nb3 Bc6 17.d4 Nd7 18.Be3 Rc8
19.Rhc1 Nb6 20.a4 Nc4 21.b5 axb5 22.axb5 Bd7 23.Nd2 Na5 24.Rab1
Ke7 25.Nb3 Nxb3 26.Rxb3 Bb6 27.Kd3 Rc4 28.Ne2 Rhc8 29.Rbb1 Ba5
30.Bd2 Bxd2 31.Kxd2 Ra8 32.Rxc4 dxc4 33.Nc3 Kd8 34.g4 h6 35.g3
Ra3 36.Rb4 Ra1 37.Rxc4 Rg1 38.Ne2 Bxb5 39.Nxg1 Bxc4 40.Nh3 Kc7
41.g5 h5 42.Kc3 Bf1 43.Nf2 Bg2 44.Nd1 Be4 45.Ne3 b5 46.Kb4 Kb6
47.Nd1 1/2-1/2

[Event "Êîìàíäíîå ïåð-âî ÐÔ 2012 ã. ïî êëàññè÷åñêèì øàõìàòàì "]
[Site "Ðûáèíñê"]
[Date "2012.08.04"]
[Round "3.134"]
[White "Ìåäâåäåâà Àííà "]
[Black "Îáîëåíöåâà Àëåêñàíäðà "]
[Result "1-0"]
[WhiteElo "1988"]
[BlackElo "1950"]
[Annotator ""]
[Source ""]
[Remark ""]

1.e4 c5 2.c3 Nf6 3.e5 Nd5 4.d4 cxd4 5.Nf3 e6 6.cxd4 b6 7.Nc3
Bb7 8.Bg5 f6 9.exf6 gxf6 10.Ne5 h5 11.Qc2 Rg8 12.Qh7 Qe7 13.Qxg8
fxg5 14.Ng6 Qg7 15.Qxf8+ Qxf8 16.Nxf8 Kxf8 17.O-O-O Nf4 18.Rg1
Kf7 19.g3 Ng6 20.d5 Ne5 21.Bg2 exd5 22.Bxd5+ Bxd5 23.Rxd5 Nbc6
24.f4 Nf3 25.Rgd1 Rd8 26.fxg5 Ke6 27.Rd6+ Ke7 28.Rh6 Nxg5 29.Rxh5
Ne6 30.Rh7+ Kf6 31.Rdxd7 Re8 32.Nd5+ Kg6 33.Nc7 Rc8 34.Nxe6 Ne7+
35.Kd1 Kxh7 36.Rxe7+ Kg6 37.Nf4+ 1-0

[Event "Êîìàíäíîå ïåð-âî ÐÔ 2012 ã. ïî êëàññè÷åñêèì øàõìàòàì "]
[Site "Ðûáèíñê"]
[Date "2012.08.04"]
[Round "3.141"]
[White "Êóðçþêîâ Àíäðåé "]
[Black "Ñïèðèäîíîâ Åâãåíèé "]
[Result "1-0"]
[WhiteElo "2191"]
[BlackElo "1911"]
[Annotator ""]
[Source ""]
[Remark ""]

1.d4 Nf6 2.Nf3 e6 3.c4 c5 4.d5 exd5 5.cxd5 d6 6.Nc3 g6 7.g3 Bg7
8.Bg2 O-O 9.O-O a6 10.a4 Re8 11.Nd2 Nbd7 12.Nc4 Nb6 13.Nd2 Nbd7
14.h3 Rb8 15.a5 b5 16.axb6 Nxb6 17.e4 Qc7 18.Re1 Nfd7 19.Bf1
Ra8 20.Nb3 h6 21.Na5 Kh7 22.Kh2 Nf8 23.f4 f5 24.Bg2 Bd7 25.Bd2
Rab8 26.Qc2 Kh8 27.Rad1 Nh7 28.e5 dxe5 29.d6 Qxd6 30.fxe5 Bxe5
31.Bf4 Qc7 32.Rxe5 Rxe5 33.Nd5 Nxd5 34.Rxd5 Rbe8 35.Qc3 Kg8 36.Rxe5
Rxe5 37.Bxe5 Qc8 38.Bh8 Nf6 39.Qxf6 1-0

[Event "Êîìàíäíîå ïåð-âî ÐÔ 2012 ã. ïî êëàññè÷åñêèì øàõìàòàì "]
[Site "Ðûáèíñê"]
[Date "2012.08.04"]
[Round "3.142"]
[White "Äîðîíèí Àíäðåé "]
[Black "Ãëàäêîâ Äìèòðèé "]
[Result "0-1"]
[WhiteElo "1747"]
[BlackElo "1989"]
[Annotator ""]
[Source ""]
[Remark ""]

1.e4 c5 2.Nf3 Nc6 3.d4 cxd4 4.Nxd4 Nf6 5.Nc3 e5 6.Ndb5 d6 7.Bg5
a6 8.Bxf6 gxf6 9.Na3 b5 10.Nd5 f5 11.Bd3 f4 12.O-O Bg7 13.c4
b4 14.Nc2 Rb8 15.b3 O-O 16.Qh5 Be6 17.Kh1 Kh8 18.g3 Qd7 19.f3
f5 20.exf5 Bxf5 21.Bxf5 Rxf5 22.Qh3 fxg3 23.hxg3 Qf7 24.Kg2 Rf8
25.g4 Qg6 26.Nce3 R5f7 27.Rf2 Nd4 28.Raf1 Bh6 29.Nd1 a5 30.N1e3
Kg7 31.Nd1 Ne6 32.Kh1 Nd4 33.Kg2 Bg5 34.N1e3 h6 35.Nd1 Qd3 36.Nb2
Qg6 37.Nd1 Ne6 38.Kh1 Kg8 39.Kg2 Kh8 40.Kh1 Rh7 41.Kg2 Kg8 42.Rh1
e4 43.Qg3 Rhf7 44.Rhf1 exf3+ 45.Rxf3 Qe4 46.N1c3 bxc3 47.Nxc3
Rxf3 48.Rxf3 Rxf3 49.Qxf3 Nf4+ 50.Kg3 Bh4+ 51.Kxh4 Qxf3 52.Nd5
Qh3# 0-1

[Event "Êîìàíäíîå ïåð-âî ÐÔ 2012 ã. ïî êëàññè÷åñêèì øàõìàòàì "]
[Site "Ðûáèíñê"]
[Date "2012.08.04"]
[Round "3.143"]
[White "Äèëìóõàìåòîâ Àðòóð "]
[Black "Ñîêîëîâ Íèêèòà "]
[Result "1-0"]
[WhiteElo "2078"]
[BlackElo "1684"]
[Annotator ""]
[Source ""]
[Remark ""]

1.e4 c5 2.Nf3 d6 3.Bb5+ Bd7 4.Bxd7+ Qxd7 5.O-O Nc6 6.c3 e6 7.d4
cxd4 8.cxd4 d5 9.exd5 Qxd5 10.Nc3 Qd7 11.d5 exd5 12.Re1+ Nge7
13.Nxd5 Rd8 14.Nc3 Qxd1 15.Nxd1 Nb4 16.Ne3 g6 17.Ng4 Nbd5 18.Bg5
f6 19.Nxf6+ Nxf6 20.Bxf6 Rg8 21.Rac1 Kf7 22.Bxe7 Bxe7 23.Rc7
Rde8 24.Rxb7 h6 25.Nd4 Rg7 26.Nc6 Kf8 27.Rexe7 Rexe7 28.Rxe7
Rxe7 29.Nxe7 Kxe7 30.Kf1 Ke6 31.Ke2 Kf5 32.b4 Ke4 33.Kd2 Kd4
34.Kc2 Kc4 35.a3 g5 36.g4 a6 37.h3 Kd4 38.Kb3 Ke4 39.a4 Kf3 40.b5
axb5 41.axb5 1-0

[Event "Êîìàíäíîå ïåð-âî ÐÔ 2012 ã. ïî êëàññè÷åñêèì øàõìàòàì "]
[Site "Ðûáèíñê"]
[Date "2012.08.04"]
[Round "3.151"]
[White "Âåêëè÷ Èãîðü "]
[Black "Ãåíêåëü Äìèòðèé "]
[Result "1/2-1/2"]
[WhiteElo "1783"]
[BlackElo "1941"]
[Annotator ""]
[Source ""]
[Remark ""]

1.e4 c5 2.Nf3 d6 3.d4 cxd4 4.Nxd4 Nf6 5.Nc3 a6 6.Be3 e6 7.f3
Be7 8.Qd2 Qc7 9.g4 Nc6 10.O-O-O b5 11.g5 Nd7 12.h4 Bb7 13.h5
Nxd4 14.Bxd4 b4 15.Ne2 e5 16.Be3 a5 17.Ng3 g6 18.hxg6 fxg6 19.Bb5
O-O-O 20.Bxd7+ Rxd7 21.Qe2 Qd8 22.Kb1 Bxg5 23.Ba7 Qc7 24.Qf2
Bd8 25.Rd2 Ba6 26.Be3 Kb7 27.Rhd1 Be7 28.Ne2 Bxe2 29.Qxe2 Qc6
30.Rd5 Bd8 31.Rb5+ Kc8 32.Rdd5 Bc7 33.Qf2 Rf7 34.Bb6 Rhf8 35.Qg1
Rxf3 36.Qg4+ Qd7 37.Qxd7+ Kxd7 38.b3 Rb8 39.Bxa5 Rxb5 40.Rxb5
Bxa5 41.Rxa5 h5 42.Ra7+ Ke6 43.Rg7 Rg3 44.a4 bxa3 45.b4 h4 46.b5
h3 1/2-1/2

[Event "Êîìàíäíîå ïåð-âî ÐÔ 2012 ã. ïî êëàññè÷åñêèì øàõìàòàì "]
[Site "Ðûáèíñê"]
[Date "2012.08.04"]
[Round "3.152"]
[White "Ðèâîíåíêî Âëàäèñëàâ "]
[Black "Ïðèïîëçèí Àíòîí "]
[Result "1-0"]
[WhiteElo "1992"]
[BlackElo "1688"]
[Annotator ""]
[Source ""]
[Remark ""]

1.e4 d6 2.d4 Nf6 3.Nc3 g6 4.Bg5 Bg7 5.Qd2 c6 6.O-O-O b5 7.f3
a5 8.Qe3 b4 9.e5 O-O 10.exf6 exf6 11.Bf4 bxc3 12.Qxc3 Be6 13.Bc4
d5 14.Bd3 Qd7 15.Ne2 Na6 16.Qxa5 Qb7 17.a3 Rfc8 18.Bxa6 Rxa6
19.Qc3 Qb5 20.Qd3 Qb7 21.Bd6 Bh6+ 22.f4 Bg7 23.Bc5 Bf5 24.Qc3
Be4 25.Rhg1 Qc7 26.Qh3 Rb8 27.Rdf1 Ra5 28.Qc3 Rab5 29.b4 f5 30.g3
Qc8 31.Qb3 Qa6 32.Kd2 Ra5 33.Ra1 Rxc5 34.dxc5 Bxa1 35.Rxa1 Re8
36.Nd4 Bg2 37.a4 Re4 38.Qd3 Qb7 39.b5 Qa7 40.Qc3 cxb5 41.axb5
Qe7 42.Ra8+ Kg7 43.Nxf5# 1-0

[Event "Êîìàíäíîå ïåð-âî ÐÔ 2012 ã. ïî êëàññè÷åñêèì øàõìàòàì "]
[Site "Ðûáèíñê"]
[Date "2012.08.04"]
[Round "3.153"]
[White "Ìèíååâ Ñòàíèñëàâ "]
[Black "Ãàëèøíèêîâ Þðèé "]
[Result "1-0"]
[WhiteElo "1716"]
[BlackElo "1889"]
[Annotator ""]
[Source ""]
[Remark ""]

1.d4 Nf6 2.c4 g6 3.g3 Bg7 4.Bg2 c5 5.d5 d6 6.Nf3 e6 7.Nc3 exd5
8.cxd5 O-O 9.O-O Nbd7 10.e4 a6 11.a4 Re8 12.Re1 Rb8 13.Bf4 Bf8
14.e5 Nxe5 15.Nxe5 dxe5 16.Bxe5 Bd6 17.Bxf6 Rxe1+ 18.Qxe1 Qxf6
19.Ne4 Qd8 20.Qc3 h5 21.Re1 f6 22.Nxf6+ Kf7 23.Ne8 Qxe8 24.Rxe8
Kxe8 25.Qf6 Kd7 26.Qxg6 Kc7 27.a5 b6 28.Qf7+ Bd7 29.Bh3 Rd8 30.axb6+ 1-0

[Event "Êîìàíäíîå ïåð-âî ÐÔ 2012 ã. ïî êëàññè÷åñêèì øàõìàòàì "]
[Site "Ðûáèíñê"]
[Date "2012.08.04"]
[Round "3.161"]
[White "Êðîëü Äìèòðèé "]
[Black "Àðáóçîâ Èâàí "]
[Result "0-1"]
[WhiteElo "1790"]
[BlackElo "2163"]
[Annotator ""]
[Source ""]
[Remark ""]

1.e4 e6 2.d4 d5 3.e5 c5 4.c3 Qb6 5.Nf3 Nc6 6.Bd3 Bd7 7.Bc2 Rc8
8.O-O Nge7 9.dxc5 Qxc5 10.b4 Qb6 11.Bg5 Qc7 12.Re1 h6 13.Na3
a6 14.Bf4 Na7 15.Re3 Nec6 16.Nd4 Nxd4 17.Qxd4 Nb5 18.Nxb5 Bxb5
19.Bd3 Bxd3 20.Rxd3 g6 21.Be3 Bg7 22.f4 O-O 23.Qb6 Qd7 24.a4
Rc6 25.Qa7 f6 26.Bc5 Rfc8 27.exf6 Bxf6 28.Rad1 Qc7 29.a5 Be7
30.Bxe7 Qxe7 31.Qd4 Rc4 32.Qe5 Re4 33.Rxd5 Rxe5 0-1

[Event "Êîìàíäíîå ïåð-âî ÐÔ 2012 ã. ïî êëàññè÷åñêèì øàõìàòàì "]
[Site "Ðûáèíñê"]
[Date "2012.08.04"]
[Round "3.162"]
[White "Ñåðãèåíêî Àíòîí "]
[Black "Äóãèí Àíäðåé "]
[Result "1-0"]
[WhiteElo "2111"]
[BlackElo "1793"]
[Annotator ""]
[Source ""]
[Remark ""]

1.d4 f5 2.c4 Nf6 3.Nc3 d6 4.Nf3 g6 5.g3 Bg7 6.Bg2 O-O 7.O-O Nc6
8.d5 Ne5 9.Nxe5 dxe5 10.Qb3 Kh8 11.c5 f4 12.Qc4 g5 13.Bd2 Qe8
14.Nb5 Qh5 15.Nxc7 Bh3 16.Nxa8 Ng4 17.Qe4 Nxh2 18.Bxh3 Qxh3 19.Qg2
Qxg2+ 20.Kxg2 Nxf1 21.Rxf1 Rxa8 22.e4 Rd8 23.g4 Kg8 24.b4 a6
25.Rc1 Kf7 26.a4 Ke8 27.b5 axb5 28.axb5 e6 29.d6 Kd7 30.Bb4 Rc8
31.Ra1 Rb8 32.Ra7 Bf6 33.c6+ 1-0

[Event "Êîìàíäíîå ïåð-âî ÐÔ 2012 ã. ïî êëàññè÷åñêèì øàõìàòàì "]
[Site "Ðûáèíñê"]
[Date "2012.08.04"]
[Round "3.164"]
[White "Ìîêøàíîâà Åëèçàâåòà "]
[Black "Áîðèñîâà Ïîëèíà "]
[Result "1-0"]
[WhiteElo "1859"]
[BlackElo "1561"]
[Annotator ""]
[Source ""]
[Remark ""]

1.e4 e5 2.Nf3 Nc6 3.Bb5 Nge7 4.O-O a6 5.Ba4 Ng6 6.c3 Nh4 7.d3
Nxf3+ 8.Qxf3 Be7 9.Rd1 Bf6 10.Nd2 h6 11.Nf1 b5 12.Bb3 Bb7 13.Ne3
d6 14.Nf5 Ne7 15.Nxg7+ Bxg7 16.Qxf7+ Kd7 17.Be6+ Kc6 18.Qxg7
Bc8 19.Bxc8 Nxc8 20.d4 exd4 21.Qxd4 Nb6 22.Be3 Kb7 23.e5 dxe5
24.Qe4+ 1-0

[Event "Êîìàíäíîå ïåð-âî ÐÔ 2012 ã. ïî êëàññè÷åñêèì øàõìàòàì "]
[Site "Ðûáèíñê"]
[Date "2012.08.04"]
[Round "3.181"]
[White "Àâàêÿí Àðìåí "]
[Black "Êèòàåâ Èëüÿ "]
[Result "1/2-1/2"]
[WhiteElo "1815"]
[BlackElo "1947"]
[Annotator ""]
[Source ""]
[Remark ""]

1.e4 e6 2.d4 d5 3.Nc3 Bb4 4.e5 c5 5.a3 Bxc3+ 6.bxc3 Ne7 7.Qg4
Qc7 8.Qxg7 Rg8 9.Qxh7 cxd4 10.Ne2 Nbc6 11.f4 dxc3 12.Qd3 Bd7
13.Nxc3 a6 14.Rb1 Na5 15.h4 Nf5 16.Rh3 Nc4 17.Rb4 O-O-O 18.h5
Rg7 19.h6 Rg6 20.h7 Rh8 21.Qf3 Rg7 22.Bxc4 dxc4 23.Ne4 Rgxh7
24.Rxh7 Rxh7 25.g4 Bc6 26.gxf5 exf5 27.Nd6+ Qxd6 28.exd6 Bxf3
29.Rxc4+ Kd7 30.Rc5 Bg4 31.Bb2 Kxd6 32.Rc4 Kd5 33.Rd4+ Kc5 34.Kd2
Rh1 35.Kc3 Bf3 36.Rc4+ Kd6 37.Rd4+ Ke7 38.a4 Be4 39.Ba3+ Kf6
40.Bd6 Rc1 41.Rd2 Rb1 42.Rf2 Ke6 43.Be5 Kd5 44.Rd2+ Kc5 45.Rd7
Ra1 46.Rd4 Ra3+ 47.Kb2 Rf3 48.Rd2 f6 49.Bd6+ Kc4 50.Bc7 Kb4 51.Rd4+
Kc5 52.Rd2 Rf1 53.Bd6+ Kc6 54.Bb8 Bd5 55.Rd3 1/2-1/2

[Event "Êîìàíäíîå ïåð-âî ÐÔ 2012 ã. ïî êëàññè÷åñêèì øàõìàòàì "]
[Site "Ðûáèíñê"]
[Date "2012.08.05"]
[Round "4.11"]
[White "Ìàõìóòîâ Ðàèëü"]
[Black "Åëèñååâ Þðèé"]
[Result "0-1"]
[WhiteElo "2391"]
[BlackElo "2480"]
[Annotator ""]
[Source ""]
[Remark ""]

1.d4 d5 2.c4 dxc4 3.Nf3 Nf6 4.e3 e6 5.Bxc4 c5 6.O-O a6 7.Bb3
Nc6 8.Qe2 cxd4 9.Rd1 Be7 10.exd4 O-O 11.Nc3 Na5 12.Bc2 b5 13.Bg5
Bb7 14.Bxf6 Bxf6 15.Be4 Bxe4 16.Nxe4 Be7 17.Nc5 Qd5 18.Ne5 Rfd8
19.b4 Nc6 20.Nxc6 Qxc6 21.Rac1 Rd5 22.Rc2 Rad8 23.Rcd2 Bf6 24.Qe3
h5 25.Rd3 g6 26.h3 Bg7 27.Kf1 Ra8 28.Rc1 Qd6 29.Kg1 Bxd4 30.Qf3
Rc8 31.Rcd1 Bxc5 32.Rxd5 exd5 33.Rxd5 Bxf2+ 34.Kxf2 Rc2+ 35.Kg1
Rc1+ 36.Kf2 Qxb4 0-1

[Event "Êîìàíäíîå ïåð-âî ÐÔ 2012 ã. ïî êëàññè÷åñêèì øàõìàòàì "]
[Site "Ðûáèíñê"]
[Date "2012.08.05"]
[Round "4.12"]
[White "Âàâóëèí Ìàêñèì"]
[Black "Ôàéçðàõìàíîâ Ðàìèëü"]
[Result "1/2-1/2"]
[WhiteElo "2292"]
[BlackElo "2291"]
[Annotator ""]
[Source ""]
[Remark ""]

1.e4 c6 2.c4 d5 3.cxd5 cxd5 4.exd5 Nf6 5.Qa4+ Nbd7 6.Nc3 g6 7.Nf3
Bg7 8.Bc4 O-O 9.d3 a6 10.Qa3 b6 11.O-O Bb7 12.Re1 b5 13.Bb3 Re8
14.Be3 Bf8 15.Qb4 e6 16.Qf4 e5 17.Qh4 b4 18.Ne4 Nxd5 19.Bg5 Qb6
20.Rac1 Bg7 21.Bh6 Bxh6 22.Qxh6 f6 23.Nfd2 Kh8 24.Nc4 Qe6 25.Ncd6
Reb8 26.Rc7 Nxc7 27.Bxe6 Nxe6 28.Rc1 Bd5 29.h4 Rf8 30.a3 Rab8
31.Qd2 f5 32.Ng5 Nec5 33.Qe3 bxa3 34.bxa3 Rf6 35.Rxc5 Rxd6 36.Rc7
Bg8 37.Kh2 Rb3 38.Rc8 Rbxd3 39.Nf7+ Kg7 40.Nxd6 Rxe3 41.fxe3
Nf6 42.Rc7+ Kf8 43.Ra7 Ng4+ 44.Kg1 Nxe3 45.Rxa6 Ke7 46.Nb5 e4
47.Nc3 Nc2 48.a4 e3 49.Rb6 Bc4 50.a5 e2 51.Nxe2 Bxe2 52.a6 Bxa6
53.Rxa6 Kf7 54.Ra7+ Kg8 55.Kf2 Nd4 56.Ke3 Nc6 57.Ra8+ Kg7 58.Kf4
Nd4 59.Ra7+ Kh6 60.Re7 Nb3 61.Rc7 Nd4 62.Re7 Nb3 63.Ke3 Nc5 64.Kd4
Ne4 65.Ke5 Ng3 66.Kf4 Nh5+ 67.Ke5 Ng3 68.Ra7 Nh5 69.Ra3 Ng7 70.Ra4
Nh5 71.g4 fxg4 72.Rxg4 Ng7 73.Rf4 1/2-1/2

[Event "Êîìàíäíîå ïåð-âî ÐÔ 2012 ã. ïî êëàññè÷åñêèì øàõìàòàì "]
[Site "Ðûáèíñê"]
[Date "2012.08.05"]
[Round "4.13"]
[White "Ñàäûêîâ Ðàìèëü"]
[Black "Ñàâåíêîâ Êîíñòàíòèí"]
[Result "0-1"]
[WhiteElo "2258"]
[BlackElo "2162"]
[Annotator ""]
[Source ""]
[Remark ""]

1.e4 e6 2.d4 d5 3.Nc3 Bb4 4.e5 Ne7 5.a3 Bxc3+ 6.bxc3 c5 7.Qg4
O-O 8.Bd3 f5 9.exf6 Rxf6 10.Bg5 Rf7 11.Qh5 g6 12.Qd1 Nbc6 13.Nf3
Qf8 14.O-O c4 15.Be2 h6 16.Bc1 Qg7 17.h4 Bd7 18.a4 Nf5 19.Qd2
Kh7 20.Ba3 Qf6 21.g3 Re8 22.Rae1 e5 23.dxe5 Nxe5 24.Nxe5 Rxe5
25.Bd1 Rxe1 26.Rxe1 Bc6 27.Bg4 d4 28.Bc1 dxc3 29.Qf4 h5 30.Bxf5
Qxf5 31.Qh6+ Kg8 32.Bf4 Rh7 33.Qg5 Qxg5 34.Bxg5 Rd7 35.a5 Rd2
36.Rc1 Kf7 37.Be3 Be4 38.Bc5 Rxc2 39.Rxc2 Bxc2 40.Bd4 Bd3 41.Bxc3
Ke6 42.f3 Kd5 43.Kf2 Kc5 44.Ke3 Kb5 45.Kd2 Ka4 46.Bd4 Kxa5 47.Bxa7
b5 48.g4 hxg4 49.fxg4 Kb4 50.h5 gxh5 51.gxh5 Kb3 52.Bd4 b4 0-1

[Event "Êîìàíäíîå ïåð-âî ÐÔ 2012 ã. ïî êëàññè÷åñêèì øàõìàòàì "]
[Site "Ðûáèíñê"]
[Date "2012.08.05"]
[Round "4.14"]
[White "Ñåâåðèíà Ìàðèÿ"]
[Black "Áåëîâà Îëüãà"]
[Result "1-0"]
[WhiteElo "2158"]
[BlackElo "2084"]
[Annotator ""]
[Source ""]
[Remark ""]

1.d4 Nf6 2.Nf3 e6 3.c4 Bb4+ 4.Bd2 Qe7 5.Nc3 Nc6 6.Qc2 d6 7.a3
Bxc3 8.Bxc3 a5 9.e4 e5 10.d5 Nb8 11.b4 axb4 12.axb4 Rxa1+ 13.Bxa1
O-O 14.g3 Na6 15.Bc3 Ne8 16.Nh4 Bd7 17.Bg2 c5 18.b5 Nac7 19.O-O
g6 20.Nf3 f5 21.exf5 gxf5 22.Nd2 Ng7 23.Re1 Nh5 24.f4 e4 25.Nf1
Qf7 26.Ne3 Re8 27.Bb2 h6 28.Ra1 Kh7 29.Ra7 Bc8 30.Qf2 Nf6 31.Bh3
Nfxd5 32.cxd5 Nxd5 33.Ra8 Nc7 34.Rxc8 Rxc8 35.Bxf5+ Kg8 36.Bxc8
Nxb5 37.Ng4 1-0

[Event "Êîìàíäíîå ïåð-âî ÐÔ 2012 ã. ïî êëàññè÷åñêèì øàõìàòàì "]
[Site "Ðûáèíñê"]
[Date "2012.08.05"]
[Round "4.21"]
[White "Áîÿðñêèé Àëåêñàíäð"]
[Black "Þäèí Èâàí"]
[Result "1/2-1/2"]
[WhiteElo "2210"]
[BlackElo "2268"]
[Annotator ""]
[Source ""]
[Remark ""]

1.e4 c5 2.c3 Nf6 3.e5 Nd5 4.d4 cxd4 5.cxd4 Nc6 6.Nf3 d6 7.Bc4
Nb6 8.Bb5 Bd7 9.Nc3 dxe5 10.Nxe5 Nxe5 11.dxe5 Bxb5 12.Nxb5 Qxd1+
13.Kxd1 Nd5 14.e6 fxe6 15.Ke2 g6 16.Nd4 e5 17.Ne6 Rc8 18.Rd1
Nc7 19.Nxf8 Kxf8 20.Be3 b6 21.a4 Kf7 22.Kf3 Ne6 23.Rd5 Rc2 24.Rxe5
Rxb2 25.Rb5 Rxb5 26.axb5 Nc7 27.Rxa7 Nxb5 28.Rb7 Nd6 29.Rxb6
Nc4 30.Rb4 Nxe3 31.Kxe3 Ra8 32.Rb3 Ra4 33.Kf3 Rc4 34.Ra3 Rb4
35.h3 Rc4 36.Rb3 Ra4 37.g3 Rc4 38.h4 Ra4 39.Re3 Rc4 40.Ra3 Rb4
41.Re3 Rc4 1/2-1/2

[Event "Êîìàíäíîå ïåð-âî ÐÔ 2012 ã. ïî êëàññè÷åñêèì øàõìàòàì "]
[Site "Ðûáèíñê"]
[Date "2012.08.05"]
[Round "4.22"]
[White "Ãðèøèí Àëåêñàíäð"]
[Black "Ñóòîðìèí Äàíèëà"]
[Result "1/2-1/2"]
[WhiteElo "2229"]
[BlackElo "2224"]
[Annotator ""]
[Source ""]
[Remark ""]

1.Nf3 Nf6 2.c4 g6 3.g3 Bg7 4.Bg2 O-O 5.O-O d6 6.d4 Nc6 7.Nc3
a6 8.h3 Rb8 9.a4 a5 10.e4 Nd7 11.Bg5 h6 12.Be3 e5 13.Qd2 exd4
14.Nxd4 Nde5 15.Qe2 Nxd4 16.Bxd4 Be6 17.Nd5 Bxd5 18.cxd5 Nf3+
19.Bxf3 Bxd4 20.Qd2 Qf6 21.Kg2 Bxb2 22.Rab1 Bc3 23.Qxh6 b5 24.axb5
a4 25.Qc1 Ra8 26.Qa3 Bd4 27.Rfc1 Bc5 28.Qa2 a3 29.Rb3 Ra4 30.Rxc5
dxc5 31.Rxa3 Rb4 32.Qe2 Re8 33.Qd3 Qb2 34.Ra7 Rd4 35.Qa3 Qxb5
36.Rxc7 Rb4 37.Qc1 c4 38.Qf4 Rf8 39.d6 c3 40.Rxc3 Rd4 41.Qf6
Rd2 42.Qf4 Rxf2+ 43.Kxf2 Qb2+ 44.Be2 Qxc3 45.e5 Qc5+ 46.Qe3 Qd5
47.Bf3 Qe6 48.Qd4 Qxh3 49.d7 Rd8 50.Bg4 Qh2+ 51.Kf3 Qh1+ 52.Kf2
Qh2+ 53.Kf3 Qh1+ 54.Kf2 Qh2+ 1/2-1/2

[Event "Êîìàíäíîå ïåð-âî ÐÔ 2012 ã. ïî êëàññè÷åñêèì øàõìàòàì "]
[Site "Ðûáèíñê"]
[Date "2012.08.05"]
[Round "4.23"]
[White "Âàñèëåíêî Àðòåì"]
[Black "Ïèñêîâåö Íèêèòà"]
[Result "0-1"]
[WhiteElo "2135"]
[BlackElo "1104"]
[Annotator ""]
[Source ""]
[Remark ""]

1.e4 c5 2.Nf3 d6 3.d4 cxd4 4.Nxd4 Nf6 5.Nc3 a6 6.Be2 e6 7.a4
b6 8.f4 Bb7 9.Bf3 Nbd7 10.O-O Rc8 11.Qe2 Qc7 12.Kh1 Be7 13.f5
e5 14.Nb3 Qc4 15.Re1 Qxe2 16.Rxe2 h6 17.g4 Nc5 18.Nxc5 dxc5 19.Be3
Rd8 20.Bf2 h5 21.g5 Ng4 22.Bh4 f6 23.g6 c4 24.Bxg4 hxg4 25.Bf2
Bc5 26.Bxc5 bxc5 27.Kg2 Bc6 28.a5 Rb8 29.Ra2 Ke7 30.Kg3 Rh5 31.Nd1
Rh3+ 32.Kg2 Rbh8 33.Nf2 Rxh2+ 34.Kg3 c3 35.bxc3 R8h3+ 36.Kxg4
Rxc3 37.Nd1 Rg3+ 38.Kxg3 Rxe2 39.Nf2 Re3+ 40.Kg2 Bxe4+ 41.Nxe4
Rxe4 42.c3 Rf4 43.Rb2 Rxf5 44.Rb7+ Ke6 45.Rxg7 Kd5 46.Ra7 Rg5+
47.Kf3 Rxg6 48.Rxa6 Kc4 49.Rb6 Rg1 50.Ke4 Re1+ 51.Kf5 Rf1+ 52.Ke4
Rf4+ 53.Ke3 Kxc3 54.a6 f5 55.Rb5 Re4+ 56.Kf3 Ra4 57.Rxc5+ Kd4
58.Rc6 Ra3+ 59.Ke2 f4 60.Rb6 e4 61.Rb4+ Kd5 62.Rb5+ Kc4 63.Rf5
Ra2+ 64.Kf1 f3 65.a7 Rxa7 66.Kf2 Kd4 67.Kg3 Rg7+ 68.Kf2 Rg2+
69.Kf1 Ke3 70.Ra5 Rd2 71.Ra3+ Rd3 72.Ra1 Rc3 73.Rd1 Kf4 74.Rd4
Kg3 75.Rxe4 Rc1+ 0-1

[Event "Êîìàíäíîå ïåð-âî ÐÔ 2012 ã. ïî êëàññè÷åñêèì øàõìàòàì "]
[Site "Ðûáèíñê"]
[Date "2012.08.05"]
[Round "4.24"]
[White "Ïàðàìçèíà Àíàñòàñèÿ"]
[Black "×õàíü Âèêòîðèÿ"]
[Result "1/2-1/2"]
[WhiteElo "2021"]
[BlackElo "2058"]
[Annotator ""]
[Source ""]
[Remark ""]

1.e4 e6 2.d4 d5 3.Nc3 Nf6 4.Bg5 Bb4 5.e5 h6 6.Bd2 Bxc3 7.bxc3
Ne4 8.Qg4 g6 9.h4 Nxd2 10.Kxd2 c5 11.Bd3 Nc6 12.h5 g5 13.f4 cxd4
14.cxd4 Qa5+ 15.c3 Bd7 16.fxg5 O-O-O 17.g6 Qa3 18.Ne2 fxg6 19.hxg6
Qe7 20.Raf1 Rdg8 21.Nf4 h5 22.Nxh5 Rxh5 23.Rxh5 Qa3 24.g7 Qb2+
25.Bc2 Na5 26.Rf8+ Kc7 27.Ke1 Nc4 28.Qg5 Qxc2 29.Rxg8 Qxc3+ 30.Kf2
Qxd4+ 31.Kg3 Nd2 32.Qf4 Qd3+ 33.Kh2 Nf1+ 34.Kg1 Ng3 35.Rhh8 Ne2+
36.Kh2 Nxf4 37.Rf8 Ng6 38.g8Q Nxh8 39.Qxh8 Qe4 40.Rf7 d4 41.Qf6
Qd5 42.Qg5 d3 43.Qc1+ Kb6 44.Qb2+ Kc6 45.Qa3 Kb6 46.Qb3+ Qxb3
47.axb3 Bc6 48.Rf8 d2 49.Rf1 Kc5 50.Rd1 Kd4 51.Rxd2+ Kxe5 52.Kg3
a5 53.Re2+ Kf6 54.Kf4 Bd5 55.Rb2 1/2-1/2

[Event "Êîìàíäíîå ïåð-âî ÐÔ 2012 ã. ïî êëàññè÷åñêèì øàõìàòàì "]
[Site "Ðûáèíñê"]
[Date "2012.08.05"]
[Round "4.31"]
[White "Áóêàâøèí Èâàí"]
[Black "Àëåêñååíêî Êèðèëë"]
[Result "1-0"]
[WhiteElo "2498"]
[BlackElo "2430"]
[Annotator ""]
[Source ""]
[Remark ""]

1.c4 e5 2.Nc3 d6 3.Nf3 f5 4.g3 Nf6 5.Bg2 g6 6.O-O Bg7 7.d3 O-O
8.Rb1 h6 9.b4 a6 10.a4 g5 11.b5 axb5 12.axb5 Be6 13.Nd2 Qc8 14.Nd5
Bxd5 15.cxd5 Nbd7 16.Bb2 Qe8 17.Qc2 Rc8 18.Nc4 b6 19.e3 Qf7 20.e4
f4 21.gxf4 exf4 22.f3 h5 23.Kh1 Kh8 24.Nd2 Ne5 25.Nb3 g4 26.Nd4
Bh6 27.Nf5 Bg5 28.h4 gxh3 29.Bxh3 h4 30.Nxd6 cxd6 31.Bxc8 Nh5
32.Be6 Ng3+ 33.Kh2 Qg7 34.d4 Ng6 35.Ba3 Rd8 36.Rfc1 h3 37.Bg4
Bf6 38.Rd1 Nh4 39.e5 dxe5 40.dxe5 Bxe5 41.Bb2 Ng2 42.Bxe5 Qxe5
43.Qg6 Rd6 44.Be6 Qg7 45.Qxg7+ Kxg7 46.Rd4 Ne2 47.Rd2 Nc3 48.Rb3
Ne3 49.Rxc3 Nf1+ 50.Kxh3 Nxd2 51.Kg4 Rd8 52.Kxf4 Rf8+ 53.Ke5 1-0

[Event "Êîìàíäíîå ïåð-âî ÐÔ 2012 ã. ïî êëàññè÷åñêèì øàõìàòàì "]
[Site "Ðûáèíñê"]
[Date "2012.08.05"]
[Round "4.32"]
[White "Óñìàíîâ Âàñèëèé"]
[Black "Ïðåäêå Àëåêñàíäð"]
[Result "0-1"]
[WhiteElo "2333"]
[BlackElo "2475"]
[Annotator ""]
[Source ""]
[Remark ""]

1.d4 Nf6 2.c4 e6 3.Nf3 d5 4.g3 dxc4 5.Bg2 Bb4+ 6.Bd2 c5 7.dxc5
Bxc5 8.Qc2 O-O 9.O-O Nbd7 10.Qxc4 b5 11.Qxb5 Rb8 12.Qd3 Rxb2
13.Bc3 Rb8 14.Nbd2 Nd5 15.Rab1 Nxc3 16.Qxc3 Bb7 17.Nb3 Bb6 18.Rfd1
Qe7 19.a4 Rfc8 20.Qd3 Nc5 21.Nxc5 Qxc5 22.e3 Qa5 23.Qb5 Bc6 24.Qxa5
Bxa5 25.Nd4 Rxb1 26.Rxb1 Bxa4 27.Nc6 Bxc6 28.Bxc6 Bb6 29.Be4
f5 30.Bd3 Kf7 31.Kg2 Kf6 32.Rb5 Rc3 33.Bb1 g6 34.e4 Bd4 35.Rb7
h5 36.f4 fxe4 37.Bxe4 Ra3 38.Bb1 Re3 39.h3 g5 40.fxg5+ Kxg5 41.Rd7
Be5 42.Rd3 Re2+ 43.Kf3 Rb2 44.Rd1 a5 45.Bd3 a4 46.Rb1 Rd2 47.Ke3
Rg2 48.Rb5 Kf6 49.g4 a3 50.Bb1 a2 51.g5+ Rxg5 52.Bxa2 Bd4+ 53.Kxd4
Rxb5 54.Bc4 0-1

[Event "Êîìàíäíîå ïåð-âî ÐÔ 2012 ã. ïî êëàññè÷åñêèì øàõìàòàì "]
[Site "Ðûáèíñê"]
[Date "2012.08.05"]
[Round "4.33"]
[White "Ñàíæàåâ Äàðñåí"]
[Black "Äîíñêîâ Àíàòîëèé"]
[Result "1/2-1/2"]
[WhiteElo "2335"]
[BlackElo "1189"]
[Annotator ""]
[Source ""]
[Remark ""]

1.d4 e6 2.c4 f5 3.Nc3 Nf6 4.e3 d5 5.Bd3 c6 6.Nge2 Bd6 7.f3 O-O
8.O-O Nbd7 9.h3 dxc4 10.Bxc4 Nb6 11.Bb3 Kh8 12.Bd2 e5 13.Be1
Nbd5 14.Nxd5 Nxd5 15.Bxd5 cxd5 16.dxe5 Bxe5 17.Bc3 Bxc3 18.Nxc3
f4 19.Nxd5 fxe3 20.Nxe3 Qg5 21.f4 Qc5 22.Qd2 Be6 23.Rac1 Qb6
24.a3 Rae8 25.Rc3 Re7 26.Kh1 Rfe8 27.Nc4 Bxc4 28.Rxc4 h6 29.Rc2
Qb5 30.Rf2 Qf5 31.Kh2 Re3 32.Rc3 Re1 33.Qd3 Qxd3 34.Rxd3 R1e2
35.Rd2 Rxf2 36.Rxf2 Re3 37.Rd2 Rb3 38.Kg1 Kg8 39.Kf2 Kf7 40.Ke2
Ke6 41.Kd1 1/2-1/2

[Event "Êîìàíäíîå ïåð-âî ÐÔ 2012 ã. ïî êëàññè÷åñêèì øàõìàòàì "]
[Site "Ðûáèíñê"]
[Date "2012.08.05"]
[Round "4.34"]
[White "Àíäðååâà Þëèÿ"]
[Black "Ìèðçàåâà Ãóëüíàðà"]
[Result "1-0"]
[WhiteElo "1928"]
[BlackElo "1776"]
[Annotator ""]
[Source ""]
[Remark ""]

1.d4 d5 2.c4 e6 3.Nc3 c6 4.cxd5 exd5 5.Qc2 g6 6.Nf3 Bf5 7.Qb3
Qb6 8.Qd1 Nf6 9.e3 Nbd7 10.Bd3 Ne4 11.O-O Qd8 12.Qc2 Ndf6 13.Ne5
Nxc3 14.bxc3 Bxd3 15.Qxd3 Bd6 16.a4 Qe7 17.c4 Bxe5 18.dxe5 Qxe5
19.Rb1 Ng4 20.f4 dxc4 21.Qe2 Qe6 22.Rxb7 O-O 23.f5 gxf5 24.h3
Nf6 25.Qf3 Ne4 26.Qf4 Nc3 27.Rb2 Rab8 28.Rc2 Nxa4 29.Rxc4 Nb2
30.Rc3 Qf6 31.Ra3 Rb7 32.Kh1 Rd8 33.e4 Qd6 34.Qg5+ Kf8 35.Rg3
Ke8 36.Qg8+ Kd7 37.Qxf7+ Kc8 38.Qxf5+ Qd7 39.Qa5 Nc4 40.Qa6 Nd6
41.e5 Ne4 42.Rg4 Nc5 43.Qc4 Nd3 44.e6 Qd5 45.Qxd5 cxd5 46.Bg5
Re8 47.Rd4 Nb4 48.Rc1+ Kb8 49.e7 a5 50.Rc5 Ra7 51.Rf4 Kb7 52.Rf8
Raa8 53.Rxa5 Na6 54.Rxe8 Rxe8 55.Rxd5 Nc7 56.Rd8 Kc6 57.Kh2 Kb7
58.Kg3 Kc6 59.Kg4 h6 60.Bh4 Kb7 61.Kf5 h5 62.Kg6 Kc6 63.Kf7 1-0